Normal view
MARC view
- Akhtar, Abrar
Entry Personal Name
001 - CONTROL NUMBER
- control field: 14107
003 - CONTROL NUMBER IDENTIFIER
- control field: NUST
005 - DATE AND TIME OF LATEST TRANSACTION
- control field: 20190414102202.0
008 - FIXED-LENGTH DATA ELEMENTS
- fixed length control field: 190414|| aca||aabn | a|a d
040 ## - CATALOGING SOURCE
- Original cataloging agency: NUST
- Transcribing agency: NUST
100 ## - HEADING--PERSONAL NAME
- Personal name: Akhtar, Abrar
670 ## - SOURCE DATA FOUND
- Source citation: Work cat.: (NUST): Akhtar, Abrar, Mazzi Ki Danahi Mustakbil ka Wada /, 2014.
